• 首页
  • 本馆介绍
  • 公告通知
  • 最新文献
  • 馆藏检索
  • 电子资源
  • 读者导购
  • 参考咨询
  • 我的图书馆
  • 登录
  • 详细信息显示
  • 放入我的书架
  • 预约/预借图书
  • 作者相关作品
  • 分类相关作品
  • 丛书相关作品
  • 出版社相关作品

书目信息

  • 表格格式
  • 工作单格式
  • 卡片格式
题名:
Linux从入门到精通
    
 
作者: 何明 编著
分册:  
出版信息: 北京   中国水利水电出版社  2018
页数: 12,589页
开本: 26cm
丛书名:
单 册:
中图分类: TP316.85
科图分类:
主题词: Linux操作系统
电子资源:
ISBN: 978-7-5170-6002-4
000 00953nam0 2200253 450
001 009580370
005 20180513003029.0
010    @a978-7-5170-6002-4@b@dCNY89.80
100    @a20180513d2018 em y0chiy50 ea
101 0  @achi
102    @aCN@b110000
105    @aa z 000yy
106    @ar
200 1  @aLinux从入门到精通@9Linux cong ru men dao jing tong@e微课视频版@f何明编著@g
210    @a北京@c中国水利水电出版社@d2018
215    @a12,589页@c图@d26cm
300    @a软件开发微视频讲解大系 适用于实战与Linux认证
330    @a本书主要内容包括:Linux的安装及相关配置、UNIX和Linux操作系统概述、运行Linux命令及获取帮助、不同系统之间传输文件及文件的浏览、Bash Shell简介、Linux文件系统及一些命令的深入探讨、正文处理命令及tar命令、利用vi编辑器创建和编辑正文文件等。
606 0  @aLinux操作系统
690    @aTP316.85@v5
701  0 @a何明@9he ming@4编著
801  0 @aCN@b91MARC@c20180513@g
905    @aBZT@dTP316.85@e16
906    @dCNY89.80@n3@r1
    
    Linux从入门到精通:微课视频版/何明编著.-北京:中国水利水电出版社,2018
    12,589页:图;26cm
    软件开发微视频讲解大系 适用于实战与Linux认证
    
    ISBN 978-7-5170-6002-4:CNY89.80
    本书主要内容包括:Linux的安装及相关配置、UNIX和Linux操作系统概述、运行Linux命令及获取帮助、不同系统之间传输文件及文件的浏览、Bash Shell简介、Linux文件系统及一些命令的深入探讨、正文处理命令及tar命令、利用vi编辑器创建和编辑正文文件等。
●
相关链接 在五车中查询图书 在当当中查询图书 在豆瓣中查询图书


正题名:Linux从入门到精通     索取号:TP316.85/16         预约/预借

序号 登录号 条形码 馆藏地/架位号 状态 备注
1 856229   2000856229   第二书库/ [索取号:TP316.85/16] 在馆    
2 856230   2000856230   第二书库/ [索取号:TP316.85/16] 在馆    
3 856231   2000856231   第二书库/ [索取号:TP316.85/16] 在馆    
山东省滨州职业学院图书馆 欢迎您!
大连网信软件有限公司© 版权所有